[Event "Sandton SWVG rapid op"]
[Site "Sandton"]
[Date "2019.05.18"]
[Round "3"]
[White "Masiya, Mfundo"]
[Black "Molepo, Maropeng Quintallio"]
[Result "1-0"]
[WhiteElo "1856"]
[BlackElo "1723"]
[PlyCount "49"]
[EventDate "2019.05.18"]
[EventType "swiss (rapid)"]
[EventRounds "10"]
[EventCountry "RSA"]
[SourceTitle "CBM 190 Extra"]
[Source "ChessBase"]
[SourceDate "2019.07.15"]
[SourceVersion "1"]
[SourceVersionDate "2019.07.15"]
[SourceQuality "1"]

1. e4 e5 2. Nf3 Nc6 3. d4 exd4 4. Nxd4 Nf6 5. Nxc6 bxc6 6. e5 Qe7 7. Qe2 Nd5 8. c4 Ba6 9. Nd2 Nb6 10. b3 Qe6 11. Bb2 Bc5 12. f4 0-0 13. 0-0-0 Rab8 14. Qe4 Qe7 15. Bd3 g6 16. f5 Ba3 17. f6 Bxb2+ 18. Kxb2 Na4+ 19. Ka1 Qb4 20. Nb1 Nc3 21. Qe3 Qa5 22. Rd2 Kh8 23. Bxg6 Nxb1 24. Qh6 Qc3+ 25. Rb2 1-0